| 000 | 01220nam a2200229Ia 4500 | ||
|---|---|---|---|
| 001 | L241-27536 | ||
| 003 | IT-CnALBA | ||
| 008 | 170116s9999||||xx |||||||||||||| ||und|| | ||
| 040 |
_aIT-CnALBA _cIT-CnALBA |
||
| 041 | _aITALIANO | ||
| 100 | _aOGGIONI GIULIO, VESCOVO | ||
| 245 | 0 | _aISPIRAZIONE CRISTIANA. GIORNALISTI E MASS MEDIA. | |
| 250 | _a1a ed. | ||
| 260 |
_a BERGAMO _bSESA SOC. EDIZ. S. ALESS. _c1992 [1° Ed.:1992 - Ed.Ling.Originale: 1992] |
||
| 300 | _a61 p. | ||
| 500 | _aISPIRAZIONE CRISTIANA DEI MASS MEDIA. CONVEGNO DIOCESANO. IL GIORNALISTA. L'ECO DI BERGAMO. COMUNIONE E PROGRESSO. GIORNALISTA. S. FRANCESCO DI SALES PATRONO. GIORNALISTA REALTÀ LETTORI. LIBERTÀ DI STAMPA. STAMPA E CULTURA POPOLARE. FIGURA E COMPITO. TENT | ||
| 501 | _aSocietà San Paolo EM - Piazza San Paolo, 14 - 12051 ALBA (CN) (non commercial uses only) ® Copyright 2017 | ||
| 520 | _aISPIRAZIONE CRISTIANA DEI MASS MEDIA. CONVEGNO DIOCESANO. IL GIORNALISTA. L'ECO DI BERGAMO. COMUNIONE E PROGRESSO. GIORNALISTA. S. FRANCESCO DI SALES PATRONO. GIORNALISTA REALTÀ LETTORI. LIBERTÀ DI STAMPA. STAMPA E CULTURA POPOLARE. FIGURA E COMPITO. TENT | ||
| 650 | _aMORALE CATTOLICA | ||
| 942 | _cBK | ||
| 957 | _71 | ||
| 999 |
_a32325 _bNO _g Copie: 1 _c286587 _d286587 |
||